Mathematical model of a record type device for valued components recovery from end process gases of uranium hexafluoride production; Bulletin of the Tomsk Polytechnic University; Vol. 311, № 3

Podrobná bibliografie
Parent link:Bulletin of the Tomsk Polytechnic University/ Tomsk Polytechnic University (TPU).— , 2006-2007
Vol. 311, № 3.— 2007.— [P. 52-56]
Hlavní autor: Bereza V. N.
Další autoři: Dyadik V. F. Valery Feodosievich, Baydali S. A. Sergey Anatolievich
Shrnutí:Заглавие с титульного листа
Электронная версия печатной публикации
Mathematical model of the device for valued components recovery from end gases of sublimate production including hydrodynamics, thermodynamics and kinetics of interaction process of solid and gaseous phases realized in the package MATLAB has been presented. Static and dynamic characteristics of the device as a control object necessary for control algorithm synthesis are obtained and analyzed
Jazyk:angličtina
Vydáno: 2007
Edice:Chemistry
Témata:
On-line přístup:http://www.lib.tpu.ru/fulltext/v/Bulletin_TPU/2007/v311eng/i3/13.pdf
Médium: MixedMaterials Elektronický zdroj Kapitola
KOHA link:https://koha.lib.tpu.ru/cgi-bin/koha/opac-detail.pl?biblionumber=182990

MARC

LEADER 00000nla2a2200000 4500
001 182990
005 20231031171434.0
035 |a (RuTPU)RU\TPU\book\198365 
035 |a RU\TPU\book\198363 
090 |a 182990 
100 |a 20100630d2007 k y0rusy50 ca 
101 1 |a eng  |c rus 
102 |a RU 
135 |a drnn ---uucaa 
200 1 |a Mathematical model of a record type device for valued components recovery from end process gases of uranium hexafluoride production  |b Electronic resource  |f V. N. Bereza, V. F. Dyadik, S. A. Baydali 
203 |a Text  |c electronic 
215 |a 1 файл (473 Кб) 
225 1 |a Chemistry 
230 |a Электронные текстовые данные (1 файл : 473 Кб) 
300 |a Заглавие с титульного листа 
300 |a Электронная версия печатной публикации 
320 |a [Bibliography: p. 56 (7 titles)] 
330 |a Mathematical model of the device for valued components recovery from end gases of sublimate production including hydrodynamics, thermodynamics and kinetics of interaction process of solid and gaseous phases realized in the package MATLAB has been presented. Static and dynamic characteristics of the device as a control object necessary for control algorithm synthesis are obtained and analyzed 
337 |a Adobe Reader 
461 1 |0 (RuTPU)RU\TPU\book\169973  |t Bulletin of the Tomsk Polytechnic University  |f Tomsk Polytechnic University (TPU)  |d 2006-2007 
463 1 |0 (RuTPU)RU\TPU\book\198345  |x 1684-8519  |t Vol. 311, № 3  |v [P. 52-56]  |d 2007  |p 121 p. 
610 1 |a mathematical models 
610 1 |a components 
610 1 |a gases 
610 1 |a uranium hexafluoride 
610 1 |a production 
610 1 |a hydrodynamics 
610 1 |a thermodynamics 
610 1 |a kinetics 
610 1 |a solid phase 
610 1 |a gaseous phase 
610 1 |a MATLAB 
610 1 |a static characteristics 
610 1 |a dynamic characteristics 
610 1 |a algorithm 
610 1 |a synthesis 
610 1 |a труды учёных ТПУ 
610 1 |a электронный ресурс 
675 |a 66.011  |v 3 
700 1 |a Bereza  |b V. N. 
701 1 |a Dyadik  |b V. F.  |c specialist in the field of automatic control systems  |c associate Professor of Tomsk Polytechnic University, candidate of technical Sciences  |f 1939-  |g Valery Feodosievich  |2 stltpush  |3 (RuTPU)RU\TPU\pers\34268 
701 1 |a Baydali  |b S. A.  |c specialist in the field of automation and electronics  |c Associate Professor of Tomsk Polytechnic University, Candidate of technical sciences, vice-rector for research and innovations  |f 1984-  |g Sergey Anatolievich  |2 stltpush  |3 (RuTPU)RU\TPU\pers\33544 
801 1 |a RU  |b 63413507  |c 20090623  |g PSBO 
801 2 |a RU  |b 63413507  |c 20160128  |g PSBO 
856 4 |u http://www.lib.tpu.ru/fulltext/v/Bulletin_TPU/2007/v311eng/i3/13.pdf 
942 |c CF